000 00347nam a22001577a 4500
003 MPLRDC
005 20220104114119.0
008 210129b ||||| |||| 00| 0 eng d
082 _a782.886 JQ-5*
100 _a不详
245 _a江青丑史与艳闻
_c
260 _a
_b不详
_c
300 _b
650 _a
942 _cBK
_o782.886 JQ-5*
999 _c4920
_d4910